| 000 | 00583nam a2200205Ii 4500 | ||
|---|---|---|---|
| 003 | JO-AjNU | ||
| 008 | 230606s9999||||xx |||||||||||||| ||und|| | ||
| 020 | _a81-239-1597-5 | ||
| 040 |
_aJO-AjNU _beng _erda _cJO-AjNU |
||
| 041 | _aeng | ||
| 050 | 1 | 4 | _aTA638.2.2013 |
| 100 | 3 |
_aSolomon, _eauthor _93893 |
|
| 245 | 0 | 0 | _aReinforced Concrete Design(Limit State Method) |
| 264 | 3 | 1 | _aNew Delhi: cbc, 2013 |
| 300 | _a156p | ||
| 336 |
_atext _btxt _2rdacontent |
||
| 337 |
_aunmediated _bn _2rdamedia |
||
| 338 |
_avolume _bnc _2rdacarrier |
||
| 650 | 4 |
_aReinforced Concrete Design _93894 |
|
| 999 |
_aE2030 _c2029 _d2029 |
||